[Event "ROM-ch U20"]
[Site "Calimanesti Caciulata"]
[Date "2016.04.21"]
[Round "4"]
[White "Barbul, Ionel"]
[Black "Gheorghiu, Calin"]
[Result "0-1"]
[WhiteElo "1716"]
[BlackElo "2326"]
[PlyCount "58"]
[EventDate "2016.04.18"]
[EventType "tourn"]
[EventRounds "7"]
[EventCountry "ROU"]
[SourceTitle "CBM 172 Extra"]
[Source "ChessBase"]
[SourceDate "2016.06.21"]
[SourceVersion "1"]
[SourceVersionDate "2016.06.21"]
[SourceQuality "1"]

1. d4 Nf6 2. c4 e6 3. Nc3 Bb4 4. Qc2 Nc6 5. Nf3 d6 6. a3 Bxc3+ 7. bxc3 e5 8. e4 0-0 9. Bd3 Bg4 10. d5 Ne7 11. h3 Bxf3 12. gxf3 Ng6 13. Be3 Nh5 14. c5 Nhf4 15. 0-0-0 Qe7 16. h4 h5 17. Rdg1 dxc5 18. Rg5 Rab8 19. Rf5 b5 20. Rg1 c4 21. Bf1 Qxa3+ 22. Kd2 b4 23. Bxc4 bxc3+ 24. Kd1 Qa1+ 25. Bc1 Rb2 26. Qxc3 Qa4+ 27. Ke1 Rc2 28. Bb3 Rxc3 29. Bxa4 Rxc1+ 0-1

[Event "ROM-ch U16"]
[Site "Calimanesti"]
[Date "2014.04.06"]
[Round "1"]
[White "Barbul, Ionel"]
[Black "Acsinte, Matei Ionut"]
[Result "0-1"]
[WhiteElo "1769"]
[BlackElo "2095"]
[PlyCount "46"]
[EventDate "2014.04.06"]
[EventType "swiss"]
[EventRounds "9"]
[EventCountry "ROU"]
[SourceTitle "CBM 160 Extra"]
[Source "ChessBase"]
[SourceDate "2014.07.01"]
[SourceVersion "1"]
[SourceVersionDate "2014.07.01"]
[SourceQuality "1"]

1. d4 Nf6 2. c4 e6 3. Nc3 Bb4 4. Qc2 0-0 5. Nf3 b6 6. g3 Bb7 7. Bg2 c5 8. 0-0 cxd4 9. Nxd4 Bxg2 10. Kxg2 Qc7 11. b3 Nc6 12. Ncb5 Nxd4 13. Nxd4 d5 14. a3 Bc5 15. Bb2 Rac8 16. Rac1 Rfd8 17. Rfd1 Qb7 18. Nf3 Ne4 19. e3 dxc4 20. Rxd8+ Rxd8 21. Qxc4 Nd2 22. Qg4 f5 23. Qf4 Bd6 0-1

[Event "SRB Central-ch op-B 5th"]
[Site "Paracin"]
[Date "2012.07.10"]
[Round "6"]
[White "Stojanovic, Vladimir M"]
[Black "Barbul, Ionel"]
[Result "1/2-1/2"]
[WhiteElo "1949"]
[BlackElo "1778"]
[PlyCount "79"]
[EventDate "2012.07.06"]
[EventType "swiss"]
[EventRounds "9"]
[EventCountry "SRB"]
[SourceTitle "CBM 149 Extra"]
[Source "ChessBase"]
[SourceDate "2012.08.24"]
[SourceVersion "1"]
[SourceVersionDate "2012.08.24"]
[SourceQuality "1"]

1. d4 c5 2. d5 e5 3. c4 d6 4. Nc3 g6 5. e4 Ne7 6. Be3 Bg7 7. Qd2 Nd7 8. Bh6 0-0 9. Bxg7 Kxg7 10. Bd3 a6 11. f3 Nf6 12. g4 Bd7 13. Nge2 h6 14. h3 Nh7 15. f4 f6 16. Nc1 Rb8 17. a4 a5 18. Ra3 Qe8 19. Bc2 b6 20. Nb5 Bxb5 21. axb5 Qf7 22. Ne2 g5 23. f5 Rh8 24. Ng3 Kf8 25. Bd1 Kg8 26. Nf1 Kf8 27. Nh2 Kg8 28. Rg3 Kf8 29. Nf3 Rb7 30. h4 Ng8 31. hxg5 hxg5 32. Rhh3 Qg7 33. Qh2 Rc7 34. Rh5 Rb7 35. Nd2 Qf7 36. Nb1 Qg7 37. Nc3 Qf7 38. Na4 Qc7 39. Qd2 Qd8 40. Rgh3 1/2-1/2